[Event "22nd Ruzomberok Open 2019"]
[Site "Ruzomberok"]
[Date "2019.07.03"]
[Round "5.34"]
[White "Petrasko, Jozef"]
[Black "Laurencsik, Alexander"]
[Result "1/2-1/2"]
[WhiteElo "1455"]
[BlackElo "1742"]
[Annotator "NA"]
[PlyCount "84"]
[EventDate "2019.06.29"]
[EventType "swiss"]
[EventCountry "SVK"]
[SourceTitle "playchess.com"]
[Source "ChessBase"]
[SourceQuality "1"]
[TimeControl "40/5400+30:1800+30"]

1. c4 {[%emt 0:00:00]} Nf6 {[%emt 0:00:00]} 2. Nc3 {[%emt 0:00:00]} g6 {[%emt 0:00:00]} 3. g3 {[%emt 0:00:09]} Bg7 {[%emt 0:00:00]} 4. Bg2 {[%emt 0:00:13]} d6 {[%emt 0:00:06]} 5. d3 {[%emt 0:00:34]} e5 {[%emt 0:00:23]} 6. b4 {[%emt 0:03:31]} c6 {[%emt 0:01:40]} 7. Nf3 {[%emt 0:01:59]} O-O {[%emt 0:00:14]} 8. Bg5 {[%emt 0:01:38]} h6 {[%emt 0:00:31]} 9. Bd2 {[%emt 0:13:26]} Re8 {[%emt 0:04:42]} 10. a4 {[%emt 0:02:25]} e4 {[%emt 0:08:51]} 11. dxe4 {[%emt 0:01:21]} Nxe4 {[%emt 0:00:17]} 12. Rc1 {[%emt 0:00:48]} Bf5 {[%emt 0:08:02]} 13. Nxe4 {[%emt 0:04:27]} Bxe4 {[%emt 0:01:05]} 14. Nh4 {[%emt 0:02:08]} Bb2 {[%emt 0:01:31]} 15. Bc3 {[%emt 0:06:25]} Bxc1 {[%emt 0:11:21]} 16. Qxc1 {[%emt 0:00:13]} Qg5 {[%emt 0:05:25]} 17. Qb2 {[%emt 0:16:53]} Nd7 {[%emt 0:14:24]} 18. Nf3 {[%emt 0:15:40]} Bxf3 {[%emt 0:03:31]} 19. Bxf3 {[%emt 0:00:18]} Ne5 {[%emt 0:00:31]} 20. Bxe5 {[%emt 0:02:23]} Rxe5 {[%emt 0:03:36]} 21. h4 {[%emt 0:00:59]} Qe7 {[%emt 0:02:40]} 22. O-O {[%emt 0:01:53]} Rd8 {[%emt 0:03:13]} 23. Rd1 {[%emt 0:00:18]} a6 {[%emt 0:02:13]} 24. Qd2 {[%emt 0:02:03]} Kh7 {[%emt 0:02:15]} 25. e4 {[%emt 0:00:27]} b6 {[%emt 0:02:17]} 26. Bg2 {[%emt 0:04:08]} g5 {[%emt 0:04:30]} 27. f4 {[%emt 0:01:50]} gxf4 {[%emt 0:01:52]} 28. gxf4 {[%emt 0:00:12]} Rxe4 {[%emt 0:03:03]} 29. Bxe4+ {[%emt 0:00:48]} Qxe4 {[%emt 0:00:16]} 30. Qd3 {[%emt 0:00:19]} Qxd3 {[%emt 0:01:54]} 31. Rxd3 {[%emt 0:00:04]} Kg6 {[%emt 0:00:22]} 32. Kg2 {[%emt 0:00:11]} Kf5 {[%emt 0:00:46]} 33. Kf3 {[%emt 0:00:27]} Ke6 {[%emt 0:00:50]} 34. Re3+ {[%emt 0:05:35]} Kd7 {[%emt 0:01:52]} 35. f5 {[%emt 0:00:22]} Re8 {[%emt 0:02:55]} 36. Re4 {[%emt 0:01:04]} Rxe4 {[%emt 0:01:22]} 37. Kxe4 {[%emt 0:00:38]} f6 {[%emt 0:03:41]} 38. b5 {[%emt 0:01:01]} d5+ {[%emt 0:01:45]} 39. Kd4 {[%emt 0:00:40]} cxb5 {[%emt 0:00:37]} 40. cxb5 {[%emt 0:00:54]} a5 {[%emt 0:02:46]} 41. Kxd5 {[%emt 0:30:28]} h5 {[%emt 0:30:54]} 42. Ke4 {[%emt 0:00:18]} Ke7 {[%emt 0:00:36]} 1/2-1/2

[Event "22nd Ruzomberok Open 2019"]
[Site "Ruzomberok"]
[Date "2019.07.03"]
[Round "5.35"]
[White "Konkol, Emil"]
[Black "Cebo, Vladimir"]
[Result "1-0"]
[WhiteElo "1714"]
[BlackElo "1577"]
[Annotator "NA"]
[PlyCount "137"]
[EventDate "2019.06.29"]
[EventType "swiss"]
[EventCountry "SVK"]
[SourceTitle "playchess.com"]
[Source "ChessBase"]
[SourceQuality "1"]
[TimeControl "40/5400+30:1800+30"]

1. e4 {[%emt 0:00:00]} c5 {[%emt 0:00:00]} 2. Nf3 {[%emt 0:00:00]} Nc6 {[%emt 0:00:10]} 3. d4 {[%emt 0:01:08]} cxd4 {[%emt 0:00:18]} 4. Nxd4 {[%emt 0:00:11]} e5 {[%emt 0:01:21]} 5. Nxc6 {[%emt 0:00:33]} bxc6 {[%emt 0:00:19]} 6. c4 {[%emt 0:00:54]} Nf6 {[%emt 0:02:09]} 7. Nc3 {[%emt 0:00:23]} Bc5 {[%emt 0:01:23]} 8. Bd3 {[%emt 0:00:30]} O-O {[%emt 0:01:08]} 9. O-O {[%emt 0:00:09]} d6 {[%emt 0:01:05]} 10. a3 {[%emt 0:00:35]} Be6 {[%emt 0:05:53]} 11. b4 {[%emt 0:03:24]} Bd4 {[%emt 0:00:42]} 12. Qc2 {[%emt 0:00:24]} Rc8 {[%emt 0:03:02]} 13. Bb2 {[%emt 0:00:20]} h6 {[%emt 0:00:38]} 14. Ne2 {[%emt 0:00:38]} Bxb2 {[%emt 0:01:07]} 15. Qxb2 {[%emt 0:00:02]} Qc7 {[%emt 0:01:23]} 16. f4 {[%emt 0:00:45]} Qb6+ {[%emt 0:02:38]} 17. Kh1 {[%emt 0:01:39]} Ng4 {[%emt 0:01:43]} 18. Ng3 {[%emt 0:00:58]} Ne3 {[%emt 0:06:31]} 19. Rf3 {[%emt 0:00:40]} Nxc4 {[%emt 0:01:01]} 20. Bxc4 {[%emt 0:00:27]} Bxc4 {[%emt 0:00:21]} 21. fxe5 {[%emt 0:00:09]} d5 {[%emt 0:03:44]} 22. Nf5 {[%emt 0:01:17]} Kh7 {[%emt 0:05:51]} 23. e6 {[%emt 0:04:26]} f6 {[%emt 0:00:38]} 24. e7 {[%emt 0:01:08]} Rg8 {[%emt 0:01:59]} 25. Nxg7 {[%emt 0:04:31]} dxe4 {[%emt 0:05:54]} 26. Rxf6 {[%emt 0:06:58]} Rxg7 {[%emt 0:10:05]} 27. Rf8 {[%emt 0:00:38]} Rg8 {[%emt 0:05:43]} 28. Qf6 {[%emt 0:00:09]} Qb8 {[%emt 0:02:46]} 29. Rf7+ {[%emt 0:00:41]} Bxf7 {[%emt 0:00:22]} 30. Qxf7+ {[%emt 0:00:23]} Rg7 {[%emt 0:00:13]} 31. Qf5+ {[%emt 0:00:38]} Kh8 {[%emt 0:04:36]} 32. Qxe4 {[%emt 0:01:35]} Re8 {[%emt 0:02:10]} 33. Qxc6 {[%emt 0:00:24]} Rexe7 {[%emt 0:00:39]} 34. Rf1 {[%emt 0:00:54]} Kh7 {[%emt 0:03:24]} 35. Qc2+ Rg6 {[%emt 0:01:24]} 36. Qc5 {[%emt 0:03:37]} Qb7 {[%emt 0:01:40]} 37. Qc2 {[%emt 0:01:40]} Qb5 {[%emt 0:01:14]} 38. Rd1 {[%emt 0:01:45]} Qe5 {[%emt 0:01:24]} 39. h3 {[%emt 0:01:13]} h5 {[%emt 0:04:46]} 40. a4 {[%emt 0:02:19]} Kh6 {[%emt 0:02:24]} 41. Qd2+ {[%emt 0:31:32]} Qg5 {[%emt 0:30:59]} 42. Qb2 {[%emt 0:00:19]} Rge6 {[%emt 0:02:27]} 43. Qh8+ {[%emt 0:01:01]} Rh7 {[%emt 0:01:24]} 44. Qf8+ {[%emt 0:01:14]} Qg7 {[%emt 0:02:47]} 45. Qf4+ {[%emt 0:00:07]} Qg5 {[%emt 0:00:43]} 46. Qf8+ {[%emt 0:00:28]} Kg6 {[%emt 0:01:19]} 47. Qg8+ {[%emt 0:00:53]} Rg7 {[%emt 0:00:29]} 48. Qxe6+ {[%emt 0:00:39]} Kh7 {[%emt 0:00:14]} 49. Qe4+ {[%emt 0:00:27]} Qg6 {[%emt 0:00:44]} 50. Qxg6+ {[%emt 0:00:23]} Kxg6 {[%emt 0:00:05]} 51. Rf1 {[%emt 0:00:43]} Kg5 {[%emt 0:01:38]} 52. g3 {[%emt 0:00:44]} Rd7 {[%emt 0:00:20]} 53. Kg2 {[%emt 0:00:39]} a6 {[%emt 0:00:05]} 54. h4+ {[%emt 0:00:34]} Kg6 {[%emt 0:00:13]} 55. Rc1 {[%emt 0:01:16]} Rd6 {[%emt 0:00:28]} 56. Rc4 {[%emt 0:00:46]} Rb6 {[%emt 0:00:59]} 57. a5 {[%emt 0:00:19]} Rd6 {[%emt 0:00:12]} 58. Rc5 {[%emt 0:01:25]} Re6 {[%emt 0:00:33]} 59. Rg5+ {[%emt 0:00:11]} Kh6 {[%emt 0:00:09]} 60. Kf3 {[%emt 0:00:46]} Rd6 {[%emt 0:00:13]} 61. Ke4 {[%emt 0:00:30]} Rd1 {[%emt 0:00:59]} 62. b5 {[%emt 0:01:17]} axb5 {[%emt 0:00:19]} 63. Rxb5 {[%emt 0:00:12]} Re1+ {[%emt 0:00:56]} 64. Kd5 {[%emt 0:00:41]} Re3 {[%emt 0:00:20]} 65. a6 {[%emt 0:00:39]} Rxg3 {[%emt 0:00:25]} 66. Rb6+ {[%emt 0:00:30]} Kg7 {[%emt 0:00:14]} 67. a7 {[%emt 0:00:42]} Rd3+ {[%emt 0:00:46]} 68. Kc6 {[%emt 0:00:13]} Ra3 {[%emt 0:00:18]} 69. Kb7 {[%emt 0:00:13]} 1-0

[Event "22nd Ruzomberok Open 2019"]
[Site "Ruzomberok"]
[Date "2019.07.03"]
[Round "5.36"]
[White "Kunzo, Slavomir"]
[Black "Slyk, Piotr"]
[Result "1-0"]
[WhiteElo "1593"]
[BlackElo "1082"]
[Annotator "NA"]
[PlyCount "69"]
[EventDate "2019.06.29"]
[EventType "swiss"]
[EventCountry "SVK"]
[SourceTitle "playchess.com"]
[Source "ChessBase"]
[SourceQuality "1"]
[TimeControl "40/5400+30:1800+30"]

1. c4 {[%emt 0:04:16]} e6 {[%emt 0:00:01]} 2. d4 {[%emt 0:01:58]} Nf6 {[%emt 0:00:07]} 3. Bg5 {[%emt 0:00:57]} d6 {[%emt 0:00:55]} 4. Nc3 {[%emt 0:02:08]} Nbd7 {[%emt 0:00:09]} 5. e4 {[%emt 0:00:28]} Be7 {[%emt 0:00:07]} 6. Nf3 {[%emt 0:03:04]} a6 {[%emt 0:00:08]} 7. Bd3 {[%emt 0:02:55]} c5 {[%emt 0:00:56]} 8. d5 {[%emt 0:04:35]} e5 {[%emt 0:00:41]} 9. O-O {[%emt 0:02:27]} Nb6 {[%emt 0:00:50]} 10. h3 {[%emt 0:07:08]} h6 {[%emt 0:00:10]} 11. Bxf6 {[%emt 0:05:43]} Bxf6 {[%emt 0:00:09]} 12. Nh2 {[%emt 0:01:28]} O-O {[%emt 0:00:10]} 13. Ne2 {[%emt 0:03:55]} Bd7 {[%emt 0:00:21]} 14. b3 {[%emt 0:00:57]} a5 {[%emt 0:00:03]} 15. a4 {[%emt 0:00:45]} Bg5 {[%emt 0:00:32]} 16. f4 {[%emt 0:06:21]} exf4 {[%emt 0:00:14]} 17. Nxf4 {[%emt 0:01:58]} Bxf4 {[%emt 0:00:40]} 18. Rxf4 {[%emt 0:00:57]} Qg5 {[%emt 0:00:27]} 19. Rf3 {[%emt 0:02:03]} Rae8 {[%emt 0:00:25]} 20. Qf1 {[%emt 0:04:12]} Re5 {[%emt 0:00:08]} 21. Qf2 {[%emt 0:02:23]} Nc8 {[%emt 0:00:48]} 22. Rf1 {[%emt 0:02:33]} Qg6 {[%emt 0:00:51]} 23. Rg3 {[%emt 0:00:48]} Rg5 {[%emt 0:00:17]} 24. e5 {[%emt 0:03:09]} Qh5 {[%emt 0:00:34]} 25. e6 {[%emt 0:01:05]} Be8 {[%emt 0:01:13]} 26. Be2 {[%emt 0:08:06]} Qg6 {[%emt 0:00:20]} 27. Bg4 {[%emt 0:00:49]} Ne7 {[%emt 0:00:18]} 28. Nf3 {[%emt 0:03:27]} fxe6 {[%emt 0:02:31]} 29. Bxe6+ {[%emt 0:00:49]} Kh8 {[%emt 0:02:12]} 30. Rxg5 {[%emt 0:04:41]} hxg5 {[%emt 0:00:17]} 31. Qg3 {[%emt 0:00:55]} Nf5 {[%emt 0:01:37]} 32. Nxg5 {[%emt 0:04:06]} Qf6 33. Bxf5 g6 {[%emt 0:08:05]} 34. Qh4+ {[%emt 0:01:15]} Kg7 {[%emt 0:01:45]} 35. Qh7# {[%emt 0:00:27]} 1-0

[Event "22nd Ruzomberok Open 2019"]
[Site "Ruzomberok"]
[Date "2019.07.04"]
[Round "6.1"]
[White "Movsesian, Julia"]
[Black "Jakab, Bela"]
[Result "1/2-1/2"]
[WhiteElo "2291"]
[BlackElo "2278"]
[Annotator "NA"]
[PlyCount "55"]
[EventDate "2019.06.29"]
[EventType "swiss"]
[EventCountry "SVK"]
[SourceTitle "playchess.com"]
[Source "ChessBase"]
[SourceQuality "1"]
[TimeControl "40/5400+30:1800+30"]

1. e4 {[%emt 0:00:00]} e6 {[%emt 0:00:00]} 2. d4 {[%emt 0:00:00]} d5 {[%emt 0:00:00]} 3. Nd2 {[%emt 0:00:00]} c5 {[%emt 0:00:00]} 4. Ngf3 {[%emt 0:00:00]} cxd4 {[%emt 0:00:00]} 5. Nxd4 {[%emt 0:00:00]} Nf6 {[%emt 0:00:03]} 6. exd5 {[%emt 0:00:23]} Qxd5 {[%emt 0:01:28]} 7. Nb5 {[%emt 0:00:26]} Na6 {[%emt 0:03:16]} 8. Nc3 {[%emt 0:00:48]} Qe5+ {[%emt 0:02:40]} 9. Be2 {[%emt 0:01:27]} Bb4 {[%emt 0:00:49]} 10. O-O {[%emt 0:02:35]} O-O {[%emt 0:03:57]} 11. Nf3 {[%emt 0:04:06]} Qc7 {[%emt 0:04:00]} 12. Nb5 {[%emt 0:03:25]} Qe7 {[%emt 0:05:46]} 13. a3 {[%emt 0:05:31]} Rd8 {[%emt 0:03:08]} 14. Bd3 {[%emt 0:00:07]} Ba5 {[%emt 0:01:01]} 15. b4 {[%emt 0:00:42]} Bb6 {[%emt 0:00:38]} 16. Bb2 {[%emt 0:00:52]} Nc7 {[%emt 0:03:10]} 17. Nxc7 {[%emt 0:06:55]} Bxc7 {[%emt 0:00:20]} 18. Qe2 {[%emt 0:00:05]} Bd7 {[%emt 0:12:51]} 19. Ne5 {[%emt 0:05:01]} Rac8 {[%emt 0:04:21]} 20. Rad1 {[%emt 0:03:51]} Be8 {[%emt 0:03:12]} 21. Rfe1 {[%emt 0:04:18]} Nd7 {[%emt 0:04:41]} 22. Qe4 {[%emt 0:15:38]} Nf8 {[%emt 0:02:20]} 23. Qg4 {[%emt 0:10:09]} f6 {[%emt 0:03:28]} 24. Nf3 {[%emt 0:01:03]} Bf7 {[%emt 0:06:50]} 25. Bd4 {[%emt 0:06:36]} b6 {[%emt 0:07:07]} 26. Ba6 {[%emt 0:06:51]} Rb8 {[%emt 0:00:31]} 27. Bd3 {[%emt 0:01:13]} Rbc8 {[%emt 0:00:54]} 28. Ba6 {[%emt 0:02:02]} 1/2-1/2

[Event "22nd Ruzomberok Open 2019"]
[Site "Ruzomberok"]
[Date "2019.07.04"]
[Round "6.2"]
[White "Jablonicky, Martin"]
[Black "Cech, Dominik"]
[Result "1-0"]
[WhiteElo "2378"]
[BlackElo "2092"]
[Annotator "NA"]
[PlyCount "61"]
[EventDate "2019.06.29"]
[EventType "swiss"]
[EventCountry "SVK"]
[SourceTitle "playchess.com"]
[Source "ChessBase"]
[SourceQuality "1"]
[TimeControl "40/5400+30:1800+30"]

1. d4 {[%emt 0:08:33]} Nf6 {[%emt 0:00:00]} 2. c4 {[%emt 0:00:05]} g6 {[%emt 0:00:32]} 3. Nc3 {[%emt 0:00:05]} Bg7 {[%emt 0:00:08]} 4. e4 {[%emt 0:00:05]} d6 {[%emt 0:00:20]} 5. Nf3 {[%emt 0:00:22]} O-O {[%emt 0:00:20]} 6. Be2 {[%emt 0:00:04]} e5 {[%emt 0:00:52]} 7. O-O {[%emt 0:00:06]} Nc6 {[%emt 0:00:51]} 8. d5 {[%emt 0:00:09]} Ne7 {[%emt 0:00:11]} 9. Bd2 {[%emt 0:00:27]} Ne8 {[%emt 0:01:45]} 10. Rc1 {[%emt 0:00:06]} f5 {[%emt 0:02:08]} 11. Ng5 {[%emt 0:00:09]} h6 {[%emt 0:02:47]} 12. Ne6 {[%emt 0:00:12]} Bxe6 {[%emt 0:00:08]} 13. dxe6 {[%emt 0:00:05]} c6 {[%emt 0:00:19]} 14. Qb3 {[%emt 0:09:00]} Qc8 {[%emt 0:07:04]} 15. c5 {[%emt 0:07:28]} dxc5 {[%emt 0:09:12]} 16. Rfd1 {[%emt 0:03:32]} b5 {[%emt 0:16:26]} 17. a4 {[%emt 0:00:31]} a6 {[%emt 0:00:55]} 18. Be3 {[%emt 0:01:53]} c4 {[%emt 0:10:47]} 19. Qa3 {[%emt 0:00:09]} Qxe6 {[%emt 0:14:20]} 20. axb5 {[%emt 0:00:13]} cxb5 {[%emt 0:01:08]} 21. Nxb5 {[%emt 0:01:13]} axb5 {[%emt 0:07:49]} 22. Qxa8 {[%emt 0:00:27]} Nd6 {[%emt 0:05:01]} 23. Qa6 {[%emt 0:01:19]} Nec8 {[%emt 0:00:35]} 24. b3 {[%emt 0:02:08]} cxb3 {[%emt 0:10:04]} 25. Rxc8 {[%emt 0:09:11]} Rxc8 {[%emt 0:00:24]} 26. Rxd6 {[%emt 0:00:10]} b2 {[%emt 0:05:38]} 27. Rxe6 {[%emt 0:00:08]} b1=Q+ {[%emt 0:00:07]} 28. Bf1 {[%emt 0:00:04]} Rd8 {[%emt 0:01:09]} 29. exf5 {[%emt 0:02:27]} Qxf5 {[%emt 0:02:45]} 30. Rd6 {[%emt 0:03:39]} Rb8 {[%emt 0:00:29]} 31. Rxg6 {[%emt 0:00:23]} 1-0

[Event "22nd Ruzomberok Open 2019"]
[Site "Ruzomberok"]
[Date "2019.07.04"]
[Round "6.3"]
[White "Vojtek, Vladimir"]
[Black "Motycakova, Monika"]
[Result "1/2-1/2"]
[WhiteElo "2313"]
[BlackElo "2150"]
[Annotator "TA"]
[PlyCount "75"]
[EventDate "2019.06.29"]
[EventType "swiss"]
[EventCountry "SVK"]
[SourceTitle "playchess.com"]
[Source "ChessBase"]
[SourceQuality "1"]

{[%evp 10,75,15,0,-2,-9,0,-12,-18,-59,-71,-65,-64,-56,-58,-93,-83,-70,-68,-75,-23,0,-34,-48,-57,-54,-47,-85,-53,-49,-57,-73,-63,-73,-58,-66,47,-12,0,0,214,157,142,75,141,126,123,93,384,385,362,-253,-249,-241,-237,-195,-153,-439,-105,-119,-104,-106,0,0,0,-61,0,0]} 1. d4 d5 2. Nf3 Nf6 3. e3 c5 4. b3 Nc6 5. Bb2 Bg4 6. Nbd2 cxd4 {D04: Colle System} 7. exd4 e6 8. h3 (8. Be2 Be7 9. Ne5 Bxe2 10. Qxe2 Qc7 11. O-O O-O 12. c4 dxc4 13. bxc4 Nxe5 14. dxe5 {½-½ (41) Stefanova,A (2486)-Kosintseva,T (2496) Beijing 2013}) 8... Bh5 9. g4 Bg6 10. Ne5 Nxe5 11. dxe5 Nd7 12. c4 $146 ({Predecessor:} 12. Nf3 Bc5 13. Bd3 {0-1 (36) Stier,A (2052)-Suvorov,L (1812) Cologne 2015}) 12... Qa5 13. a3 dxc4 14. Bxc4 Nxe5 (14... h5 $17) 15. b4 Qc7 16. Bb5+ Nc6 17. Rc1 Rd8 18. Qe2 a6 19. Bxc6+ $1 bxc6 20. Ne4 Rd5 21. h4 h5 {And now ...a5 would win.} 22. g5 $1 Qb6 (22... a5 $1 $15 23. Rc4 Qd7) 23. Rh3 (23. Rc4 $14) 23... a5 24. Rhc3 Bxe4 $2 ({Don't go for} 24... axb4 $2 25. Rxc6 Qa5 26. Rc8+ Rd8 27. Rxd8+ Kxd8 28. Qc4 $18) (24... Qb5 $11 25. f3 Be7) 25. Qxe4 $18 c5 26. Rc4 (26. Rd3 $142 $1 {[%cal Rd3d5]} Rxd3 27. Qxd3) 26... axb4 ({Better is} 26... Kd7) 27. axb4 $16 Qb7 28. Ba1 {[%cal Rb4c5]} cxb4 $2 {[%mdl 8192]} (28... Rg8 $16 {might work better.}) 29. Rc8+ $18 Kd7 {[#]} 30. Qc4 $4 {[%mdl 8192] [#]} (30. Qf4 $1 $18 {[%mdl 512] R1c7+ would kill now.} Qxc8 31. Rxc8 Kxc8 32. Qxf7 {[%mdl 64] Double Attack}) 30... Bd6 $1 $19 31. Rxh8 Rc5 32. Qxc5 Bxc5 33. Rd1+ $2 (33. Rxc5 $17 Qh1+ {[%mdl 64] Double Attack} 34. Ke2 Qxa1 35. Rb8) 33... Ke7 $2 (33... Bd6 $19 {is more deadly. White must now prevent ...b3.} 34. Rf8 Qe4+ 35. Kf1 Qc2 36. Rxf7+ {[#]} Ke8 $1 {[%mdl 512]} 37. Rxd6 Kxf7 38. Rd7+ Ke8) 34. Bxg7 $17 {[%csl Gg5][%cal Rg7f6]} Qe4+ 35. Kf1 {[%csl Gg5][%cal Rg7f6]} Qh1+ 36. Ke2 {[%csl Gg5][%cal Rg7f6]} Qe4+ 37. Kf1 {[%csl Gg5][%cal Rg7f6]} Qh1+ (37... Qc4+ $15 38. Ke1 e5 39. Bf6+ Ke6 40. Re8+ Kf5 41. Rxe5+ Kg4) 38. Ke2 {Accuracy: White = 33%, Black = 34%.} 1/2-1/2

[Event "22nd Ruzomberok Open 2019"]
[Site "Ruzomberok"]
[Date "2019.07.04"]
[Round "6.4"]
[White "Bednar, Jan"]
[Black "Zvarik, Martin"]
[Result "1/2-1/2"]
[WhiteElo "2084"]
[BlackElo "2308"]
[Annotator "TA"]
[PlyCount "34"]
[EventDate "2019.06.29"]
[EventType "swiss"]
[EventCountry "SVK"]
[SourceTitle "playchess.com"]
[Source "ChessBase"]
[SourceQuality "1"]

{[%evp 18,34,20,26,31,-16,42,14,41,37,55,41,69,60,65,49,47,53,735]} 1. e4 e5 2. Nf3 Nc6 3. Bb5 a6 4. Ba4 d6 5. Bxc6+ bxc6 6. d4 exd4 7. Nxd4 Bd7 8. c4 Nf6 9. Nc3 Be7 10. O-O O-O {C73: Ruy Lopez: Deferred Steinitz: 5 Bxc6+} 11. Bg5 $146 ({Predecessor:} 11. b3 Re8 12. Re1 Bf8 13. Bg5 h6 14. Bh4 Be7 15. Bg3 c5 16. Nc2 a5 17. Ne3 Bf8 18. Qc2 {0-1 (48) Kosintseva,N (2533)-Lagno,K (2539) Moscow 2010}) 11... Qb8 ({Better is} 11... Nxe4 $11 12. Bxe7 Qxe7) 12. Qd2 Qb4 {The position is equal.} (12... h6 $5 {[%cal Rh6g5]} 13. Bf4 a5 $11) 13. b3 {White is slightly better.} Rae8 14. Rfe1 Bd8 15. Rad1 h6 16. Bxf6 Bxf6 17. Nd5 $1 {[%cal Rd5f6]} a5 $2 {[%mdl 40960] An unexpected result.} (17... Qxd2 $14 18. Nxf6+ gxf6 19. Rxd2 a5) 1/2-1/2

[Event "22nd Ruzomberok Open 2019"]
[Site "Ruzomberok"]
[Date "2019.07.04"]
[Round "6.5"]
[White "Borsos, Bogdan"]
[Black "Karas, Marek"]
[Result "1-0"]
[WhiteElo "2216"]
[BlackElo "2268"]
[Annotator "NA"]
[PlyCount "35"]
[EventDate "2019.06.29"]
[EventType "swiss"]
[EventCountry "SVK"]
[SourceTitle "playchess.com"]
[Source "ChessBase"]
[SourceQuality "1"]
[TimeControl "40/5400+30:1800+30"]

1. Nf3 {[%emt 0:00:00]} Nf6 {[%emt 0:00:00]} 2. c4 {[%emt 0:00:00]} b6 {[%emt 0:00:00]} 3. g3 {[%emt 0:00:23]} Bb7 {[%emt 0:00:00]} 4. Bg2 {[%emt 0:00:04]} e6 {[%emt 0:00:00]} 5. O-O {[%emt 0:00:29]} Be7 {[%emt 0:00:07]} 6. d4 {[%emt 0:01:07]} O-O {[%emt 0:00:11]} 7. d5 {[%emt 0:02:44]} exd5 {[%emt 0:00:07]} 8. Nh4 {[%emt 0:00:17]} c6 {[%emt 0:00:47]} 9. cxd5 {[%emt 0:00:14]} Nxd5 {[%emt 0:00:20]} 10. Nf5 {[%emt 0:00:11]} Nc7 {[%emt 0:01:43]} 11. e4 {[%emt 0:00:52]} d5 {[%emt 0:00:58]} 12. exd5 {[%emt 0:03:01]} Nxd5 {[%emt 0:03:48]} 13. Nc3 {[%emt 0:00:54]} Nxc3 {[%emt 0:04:06]} 14. bxc3 {[%emt 0:00:13]} Bf6 {[%emt 0:01:14]} 15. Ba3 {[%emt 0:01:25]} Qxd1 {[%emt 0:10:50]} 16. Raxd1 {[%emt 0:00:10]} Rd8 {[%emt 0:06:39]} 17. Rxd8+ {[%emt 0:02:04]} Bxd8 {[%emt 0:00:08]} 18. Re1 {[%emt 0:00:10]} 1-0

[Event "22nd Ruzomberok Open 2019"]
[Site "Ruzomberok"]
[Date "2019.07.04"]
[Round "6.7"]
[White "Palider, Pavol"]
[Black "Hros, Roman"]
[Result "0-1"]
[WhiteElo "2026"]
[BlackElo "2195"]
[Annotator "NA"]
[PlyCount "104"]
[EventDate "2019.06.29"]
[EventType "swiss"]
[EventCountry "SVK"]
[SourceTitle "playchess.com"]
[Source "ChessBase"]
[SourceQuality "1"]
[TimeControl "40/5400+30:1800+30"]

1. d4 {[%emt 0:00:00]} d5 {[%emt 0:03:51]} 2. Nc3 {[%emt 0:01:26]} c5 {[%emt 0:00:01]} 3. Nf3 {[%emt 0:01:10]} Nf6 {[%emt 0:02:29]} 4. Bg5 {[%emt 0:00:35]} Ne4 {[%emt 0:01:37]} 5. dxc5 {[%emt 0:03:23]} Nxg5 {[%emt 0:12:36]} 6. Nxg5 {[%emt 0:01:07]} e6 {[%emt 0:00:45]} 7. Qd2 {[%emt 0:04:34]} Bxc5 {[%emt 0:04:53]} 8. e4 {[%emt 0:01:03]} Be7 {[%emt 0:10:19]} 9. h4 {[%emt 0:03:37]} h6 {[%emt 0:04:07]} 10. Nf3 {[%emt 0:02:20]} dxe4 {[%emt 0:00:16]} 11. Nxe4 {[%emt 0:01:56]} Qxd2+ {[%emt 0:00:16]} 12. Nfxd2 {[%emt 0:00:32]} O-O {[%emt 0:02:33]} 13. O-O-O {[%emt 0:02:25]} Rd8 {[%emt 0:02:08]} 14. g4 {[%emt 0:02:53]} Bd7 {[%emt 0:03:09]} 15. g5 {[%emt 0:02:37]} Bc6 {[%emt 0:01:09]} 16. Bd3 {[%emt 0:00:56]} Nd7 {[%emt 0:02:31]} 17. f4 {[%emt 0:09:32]} Nc5 {[%emt 0:04:31]} 18. Rh3 {[%emt 0:02:15]} Nxd3+ {[%emt 0:07:04]} 19. cxd3 {[%emt 0:02:12]} h5 {[%emt 0:01:01]} 20. Rf1 {[%emt 0:10:36]} g6 {[%emt 0:01:25]} 21. Re1 {[%emt 0:06:09]} Rac8 {[%emt 0:01:10]} 22. Kb1 {[%emt 0:01:53]} Bb5 {[%emt 0:01:45]} 23. Ree3 {[%emt 0:00:54]} Kf8 {[%emt 0:01:57]} 24. Nc3 {[%emt 0:03:17]} Ba6 {[%emt 0:02:01]} 25. Nde4 {[%emt 0:00:29]} Rd4 {[%emt 0:02:16]} 26. a3 {[%emt 0:01:06]} b6 {[%emt 0:01:56]} 27. b4 {[%emt 0:04:13]} Bb7 {[%emt 0:01:55]} 28. Kb2 {[%emt 0:00:50]} a5 {[%emt 0:00:54]} 29. bxa5 {[%emt 0:05:48]} bxa5 {[%emt 0:00:14]} 30. Nb5 {[%emt 0:00:41]} Rd5 {[%emt 0:00:55]} 31. Nec3 {[%emt 0:01:12]} Rf5 {[%emt 0:00:37]} 32. d4 {[%emt 0:04:54]} Rxf4 {[%emt 0:03:08]} 33. Rh2 {[%emt 0:01:11]} Bc6 {[%emt 0:03:51]} 34. a4 {[%emt 0:04:13]} Rb8 {[%emt 0:00:37]} 35. Kc2 {[%emt 0:01:14]} Bb4 {[%emt 0:00:37]} 36. Na7 {[%emt 0:03:10]} Bxc3 {[%emt 0:03:39]} 37. Nxc6 {[%emt 0:04:47]} Bxd4 {[%emt 0:04:27]} 38. Nxb8 {[%emt 0:00:50]} Bxe3 {[%emt 0:00:02]} 39. Kd3 {[%emt 0:02:56]} Bf2 {[%emt 0:01:32]} 40. Nd7+ {[%emt 0:01:18]} Ke7 {[%emt 0:00:37]} 41. Nf6 {[%emt 0:31:22]} Bxh4 {[%emt 0:31:03]} 42. Ne4 {[%emt 0:00:30]} Rg4 {[%emt 0:00:26]} 43. Rb2 {[%emt 0:01:13]} Bxg5 {[%emt 0:00:58]} 44. Rb7+ {[%emt 0:00:34]} Kf8 {[%emt 0:00:55]} 45. Rb5 {[%emt 0:00:00]} f5 {[%emt 0:00:00]} 46. Nc5 {[%emt 0:00:00]} Be7 {[%emt 0:00:00]} 47. Nxe6+ {[%emt 0:00:00]} Kf7 {[%emt 0:00:00]} 48. Nd4 {[%emt 0:00:00]} h4 {[%emt 0:00:00]} 49. Rxa5 {[%emt 0:00:00]} h3 {[%emt 0:00:00]} 50. Nf3 {[%emt 0:00:00]} Rg3 {[%emt 0:00:00]} 51. Ke2 {[%emt 0:00:00]} h2 {[%emt 0:00:00]} 52. Nxh2 {[%emt 0:00:00]} Rg2+ {[%emt 0:00:00]} 0-1